Revisiting postmodernism : (Registro nro. 24926)

Detalles MARC
000 -LEADER
campo de control de longitud fija 02718cam a22004934i 4500
003 - IDENTIFICADOR DE NÚMERO DE CONTROL
campo de control PE-LiUPU
005 - FECHA Y HORA DE LA ÚLTIMA TRANSACCIÓN
campo de control 20250731173030.0
008 - DATOS DE LONGITUD FIJA--INFORMACIÓN GENERAL
campo de control de longitud fija 170810s2013 miu rb 000 0 eng d
020 ## - NÚMERO INTERNACIONAL ESTÁNDAR DEL LIBRO
Número Internacional Estándar del Libro 0982784945
020 ## - NÚMERO INTERNACIONAL ESTÁNDAR DEL LIBRO
Número Internacional Estándar del Libro 9780982784945
035 ## - NÚMERO DE CONTROL DEL SISTEMA
Número de control de sistema (Sirsi) a238223
040 ## - FUENTE DE CATALOGACIÓN
Centro catalogador/agencia de origen PE-LiUPU
Lengua de catalogación spa
Centro/agencia transcriptor PE-LiUPU
Normas de descripción rda
049 ## - FONDOS LOCALES (OCLC)
Biblioteca depositaria PRUA
082 04 - NÚMERO DE LA CLASIFICACIÓN DECIMAL DEWEY
Número de clasificación 230.0904
Cutter R4
Número de edición 23
111 2# - ENTRADA PRINCIPAL--NOMBRE DE CONGRESO/REUNIÓN
Nombre de congreso/reunión o jurisdicción como elemento de entrada Symposium on Postmodern Sensitive Mission
Número del congreso/reunión o número de parte o sección (1st :
Fecha del congreso o de la firma del tratado 2012 :
Sede del congreso/Lugar de la reunión Berrien Springs, Michigan)
245 10 - MENCIÓN DEL TÍTULO
Título Revisiting postmodernism :
Resto del título an old debate on a new era /
Mención de responsabilidad, etc. Bruce L. Bauer; Kleber O.Gonçalves [editores].
264 #1 - PRODUCCIÓN, PUBLICACIÓN, DISTRIBUCIÓN, FABRICACIÓN Y COPYRIGHT
Producción, publicación, distribución, fabricación y copyright Berrien Springs, Michigan :
Nombre del de productor, editor, distribuidor, fabricante Departament of World Mission, Andrews University,
Fecha de producción, publicación, distribución, fabricación o copyright 2013.
300 ## - DESCRIPCIÓN FÍSICA
Extensión xi, 396 páginas ;
Dimensiones 23 centímetros.
336 ## - TIPO DE CONTENIDO
Término de tipo de contenido text
Fuente rdacontent
337 ## - TIPO DE MEDIO
Nombre/término del tipo de medio unmediated
Fuente rdamedia
338 ## - TIPO DE SOPORTE
Nombre/término del tipo de soporte volume
Fuente rdacarrier
490 1# - MENCIÓN DE SERIE
Mención de serie Andrews University mission studies ;
Designación de volumen o secuencia 13
504 ## - NOTA DE BIBLIOGRAFÍA, ETC.
Nota de bibliografía, etc. Bibliografía : Al final de cada capítulo.
505 0# - NOTA DE CONTENIDO CON FORMATO
Nota de contenido con formato "Watchmen" over the flux of thought: Michael foucault and the historical development of postmodernist philosophy -- Postmodern evangelism: sharing the gospel as a nonviolent metanarrative -- Christianity for postmoderns: from metanarrative to storytelling -- Framing the gospel for the relational context of postmodernism -- The whole truth and nothing but: discipleship in a post-christian age -- Conversion and worldview transformation among postmoderns -- Reading psalm 23 through postmodern eyes: insights and lessons for missiologists -- Witnessing to christ in a secular, post-christian, postmodern context -- Through a glass darkly: speaking of truth in postmodern times -- Postmodernism and the re-birth of christian literacy... Is the European seventh-day Adventist church postmodern? some socio-theological remarks on postmodernity and multiculturalsm in the context of mission.
526 ## - NOTA DE INFORMACIÓN SOBRE EL PROGRAMA DE ESTUDIO
Nombre del programa Segunda Especialidad En Profecías Bíblicas
526 ## - NOTA DE INFORMACIÓN SOBRE EL PROGRAMA DE ESTUDIO
Nombre del programa Segunda Especialidad En Nuevo Testamento
526 ## - NOTA DE INFORMACIÓN SOBRE EL PROGRAMA DE ESTUDIO
Nombre del programa Segunda Especialidad En Antiguo Testamento
526 ## - NOTA DE INFORMACIÓN SOBRE EL PROGRAMA DE ESTUDIO
Nombre del programa Segunda Especialidad En Estudios Adventistas
526 ## - NOTA DE INFORMACIÓN SOBRE EL PROGRAMA DE ESTUDIO
Nombre del programa Doctorado en teología
526 ## - NOTA DE INFORMACIÓN SOBRE EL PROGRAMA DE ESTUDIO
Nombre del programa Maestría en teología histórica
526 ## - NOTA DE INFORMACIÓN SOBRE EL PROGRAMA DE ESTUDIO
Nombre del programa Maestría en teología bíblica
526 ## - NOTA DE INFORMACIÓN SOBRE EL PROGRAMA DE ESTUDIO
Nombre del programa Maestría en teología
526 ## - NOTA DE INFORMACIÓN SOBRE EL PROGRAMA DE ESTUDIO
Nombre del programa Maestría en misionología
526 ## - NOTA DE INFORMACIÓN SOBRE EL PROGRAMA DE ESTUDIO
Nombre del programa Maestría en liderazgo eclesiástico
526 ## - NOTA DE INFORMACIÓN SOBRE EL PROGRAMA DE ESTUDIO
Nombre del programa Teología
596 ## -
-- 1
650 04 - PUNTO DE ACCESO ADICIONAL DE MATERIA--TÉRMINO DE MATERIA
Término de materia o nombre geográfico como elemento de entrada Misiones.
650 04 - PUNTO DE ACCESO ADICIONAL DE MATERIA--TÉRMINO DE MATERIA
Término de materia o nombre geográfico como elemento de entrada Posmodernismo
Subdivisión general Aspectos religiosos
-- Cristianos.
910 ## - DATOS DE OPCIÓN DEL USUARIO (OCLC)
Datos de opción del usuario jck
-- ncf
-- ncf
-- 20170810
942 ## - ELEMENTOS DE ENTRADA SECUNDARIOS (KOHA)
Fuente del sistema de clasificación o colocación Clasificación Decimal Dewey
Tipo de ítem Koha
949 ## - PROCESAMIENTO DE INFORMACIÓN LOCAL (OCLC)
a 230.0904 R4
w DEWEY
c 1
i 76785
l CCODEBUL1
m BUL
p 15.00
r 0
s Y
t BOOK
u 2017-08-08
x TEOLOGIA
-- P35
0 COMPRA
o .STAFF. Colección Teología
999 ## - NÚMEROS DE CONTROL DE SISTEMA (KOHA)
-- DEWEY
-- 76785
-- 2017-9-29
-- 2021-11-9
-- 4
-- CCODEBUL1
-- BUL
-- 1
-- 15.00
-- 0
-- Y
-- BOOK
-- 2017-8-10
-- TEOLOGIA
-- P35
-- COMPRA
-- .STAFF. Colección Teología
980 ## - EQUIVALENCIA O REFERENCIA-CRUZADA-MENCIÓN DE SERIE--NOMBRE DE PERSONA/TÍTULO [LOCAL, CANADÁ]
ID del último usuario que modificó el registro 1
Nombre del último usuario que modificó el registro ALBERTO SANCHEZ Responsable de Automatización
Existencias
Visto por última vez Número de inventario Total de préstamos Signatura topográfica completa Código de barras Fecha del último préstamo Copia número Coste, precio de reemplazo Fecha de reemplazo Facultad Tipo de ítem Koha Nota pública Estado de pérdida Fuente del sistema de clasificación o colocación Restricciones de uso No para préstamo Colección Programa académico Biblioteca de origen Biblioteca actual Ubicación en estantería Fecha de adquisición Fuente de adquisición Coste, precio normal de compra
2025-12-03 5 1 230.0904 R4 76785 2017-09-29 e1 20.00 2017-08-10   Libros físicos inventario-2023-12-13 No Perdido Clasificación Decimal Dewey No restringido Disponible para préstamos Colección General Teología Biblioteca CRAI UPeU Lima Biblioteca CRAI UPeU Lima Sala principal 2017-08-10 COMPRA 15.00